Chronically Online Brainrot Quiz - Statistics

General Stats
  • This quiz has been taken 106 times
    4 since last reset
  • The average score is 43 of 115
Answer Stats
Hint Answer % Correct
_______Toilet Skibidi
100%
What does Diddy use? Baby oil
75%
Why? Cuz we're playin' _____ Bendy
75%
We are ______ ___ Charlie Kirk
75%
Low _______ Cortisol
75%
What does Homer drop? Donut
75%
What files where released Epstein
75%
What virus was on the cruise ship? Hantavirus
75%
Please Speed I need this My Mom is kinda ________ Homeless
75%
Pig who calls John Pork
75%
That feeling when what is tomorrow Knee Surgery
75%
To fix your looks Looksmaxxing
75%
Crazy State Ohio
75%
Brr Brr _______ Patapim
75%
Palm Beach ____ Pete
75%
KSI drink Prime
75%
Grimace _____ Shake
75%
Better than an alpha Sigma
75%
Streamer who loves Ronaldo Speed
75%
Hawk____ Tuah
75%
When the clock strikes __ 12
50%
How many years in Dagestan? 2-3
50%
Magical Place with Nordic Aliens Agartha
50%
Gaining or Losing based on coolness | ____ Farming Boat Kid Aura
50%
What did my granny get hit by? Bazooka
50%
Low tier G, worse than an alpha Beta
50%
Tralalero Tralala Shark with ____ Shoes | ___ Shirt Kid Blue
50%
Baby ___ Boo
50%
The Costco Guys say Boom
50%
City ___ | Kill that ___ Boy
50%
What is this Diddy Blud doing on the __________ Calculator
50%
Lie Cap
50%
I like my cheese Drippy
50%
Taking food Fanum Tax
50%
_____ and Steel Flint
50%
iPad kids Generation Alpha
50%
Big Massive Rear End Gyatt
50%
Who wants you to say wallahi? IShowSpeed
50%
Chicken ______! Jockey
50%
Those who ____ Know
50%
Best Basketball Player Lebron
50%
Its massive Low Taper Fade
50%
Mr Beast, Logan Paul, and KSI’s lunch Lunchly
50%
Fruit that is spammed Mangos
50%
To fix your jawline Mewing
50%
Okay, fine, middle Mid
50%
Fat People on Discord Mods
50%
Kendrick Screams this Mustard
50%
Streamer who plays Fortnite Ninja
50%
Who wants his belly washed Pibble
50%
My Collar’s Blue and My Neck is ___ Red
50%
Charisma Rizz
50%
What type of Speedrun? Scientology
50%
Peak Game on Roblox Steal a Brainrot
50%
Works with the Costco Guys The Rizzler
50%
KSI's Song Thick Of It
50%
Mr Krabs Start Digging in yo Butt ____ Twin
50%
_ Speed W
50%
When something is so peak Absolute Cinema
25%
Lone wolf Alpha
25%
What does the skeleton do to his shield Bangs
25%
Why will the Great Meme Reset happen Brainrot
25%
Your telling me his last name is ______? Burger
25%
Largest Streamer in History CaseOh
25%
______ Stars Chicken
25%
Fool, troll, basically a discord mod Chud
25%
Slur for robot Clanker
25%
Obama have what? Dih
25%
What can LeBron still do? Dunk
25%
Stopping gooning Edging
25%
Best Game Fortnite
25%
Who will eventually come to defend his home? Franklin
25%
Kim Jung ____ Goon
25%
I call it a rug rhymes with ____ Grug
25%
It’s never coming GTA 6
25%
Women love these Labubu
25%
Person who does nothing NPC
25%
__ Oi Oi A Eye Eye Oi
25%
Makes you mad PMO
25%
_____ Dance Scuba
25%
Wants a girl so badly Simp
25%
___😭 Son
25%
What happens when you buy a property in Egypt They give you the property
25%
When something is dumb TS
25%
This is the strongest brainrot, feared to be summoned in battle Tung Tung Tung Sahur
25%
____ Bucket Release Water
25%
When you master the Stillwater you go on your ______ arc Winter
25%
What type of Invincible Edits? Wobble
25%
A break-off of that meme 61,41
0%
Massive in 2025, biggest meme 67
0%
Who is Driving in his truck right after a beer Asgore
0%
Last thing you see before you die Cassius Thundercock
0%
Bad, or buns Cheeks
0%
Hey girl. You gone eat your _________ Cornbread
0%
Golden what? Dandelion
0%
Bart says this Domer
0%
Hey Man, I'm a _______ Dudeman
0%
Practice for men, gooners do this Gooning
0%
Word for Women Huzz
0%
What is Drake's song called? Iceman
0%
I just hit the _______ Jackpot
0%
_______ Bus is here Jayden’s
0%
If you get one you die Job
0%
Humanity's horror Job Application
0%
All roads lead to what? Khaby Lame Mechanism
0%
What is the baby doing? Laughing
0%
What are swimming in the ocean? Narwhals
0%
The ______ Nether
0%
Who says “Are you sure?” Omniman
0%
Name this character from the bible Tung Tung God
0%
Say what? Wallahi
0%
Quarter___ Zip
0%
No matching quizzes found
Score Distribution
Percent of People with Each Score
Percentile by Number Answered
Your Score History
You have not taken this quiz since the last reset